| 000 | 00570nam a2200181Ia 4500 | ||
|---|---|---|---|
| 003 | GCL | ||
| 008 | 140319s9999 xx 000 0 ara d | ||
| 040 |
_aGCL / _cGCL |
||
| 082 | 0 | 4 |
_a219.1 _bا ع |
| 100 | 1 | _aابراهيم بن مبارك الجوير | |
| 245 | 1 | 0 |
_aعمل المرأة فى المنزل وخارجة / _cابراهيم بن مبارك الجوير |
| 300 | _a120 ص | ||
| 490 |
_a100 قصة _v0 |
||
| 650 | 0 | 4 | _aالمرأة العاملة |
| 650 | 0 | 4 | _aالمرأة المسلمة |
| 650 | 0 | 4 | _aالمرأة فى المجتمع |
| 942 |
_2ddc _cBK |
||
| 999 |
_c43313 _d43313 |
||